000 00595nam a2200205Ia 4500
003 GCL
008 140319s9999 xx 000 0 ara d
040 _aGCL /
_cGCL
082 0 4 _a813.088
_bش ك
100 1 _aشريف الراس
245 1 0 _aطاعة /
_cشريف الراس
260 _a[S.N] :
_bدار الجيل
300 _a32 ص
490 _aكلمة من القران الكريم للفتيان والناشئين
_v0
650 0 4 _aالاطفال
650 0 4 _aالقصص
650 0 4 _aالقصص الدينية
650 0 4 _aالقصص القرآنية
942 _2ddc
_cBK
999 _c57043
_d57043